Quiz o Dynowie - Statystyki

Ogólne statystyki
  • Ten quiz został rozwiązany 6 razy
  • Średni wynik to 12 z 15
Statystyki odpowiedzi
Pytanie Odpowiedź % Poprawnych
Dworzec jakiej kolei znajduje się w Dynowie? Koleii {wąskotorowej}
100%
Jakie tablice rejestracyjne obowiązują w Dynowie? RZE
100%
Jakie kolory dominują na herbie Dynowa? Szary
100%
Jakie kolory dominują na herbie Dynowa? Żółty
100%
Powiat leżący najbliżej Dynowa (oprócz tego w którym sam leży) Brzozowski
83%
Jak dawniej nazywał się Dynów? (zarazem jest to niemiecka nazwa) Denow
83%
Jak nazywa się klub piłkarski z Dynowa? Dynovia Dynów
83%
Trasa tej kolei kończy się w Przeworsku. W jakich miejscowościach zatrzymuje się po drodze? Jawornik Polski
83%
Trasa tej kolei kończy się w Przeworsku. W jakich miejscowościach zatrzymuje się po drodze? Kańczuga
83%
Jak nazywa się najbliższe miasto na prawach powiatu? Rzeszów
83%
Trasa tej kolei kończy się w Przeworsku. W jakich miejscowościach zatrzymuje się po drodze? Bachórz
67%
W jakim powiecie leży Dynów? Rzeszowski
67%
Jaki król Polski przyjechał do Dynowa w XV wieku? Władysław Jagiełło
67%
Dynów otrzymał prawa miejskie w 1429 r., ale stracił je w 1919r. W jakim roku otrzymał je z powrotem? 1946
50%
Kto jest burmistrzem Dynowa? Zygmunt Frańczak
50%
Nie znaleziono quizów pasujących do podanych kryteriów
Rozkład punktacji
Procent ludzi z każdym wynikiem
Percentyl według liczby udzielonych odpowiedzi
Twoja historia wyników
Nie rozwiązałeś tego quizu